Word Ladder: Spooky Celebrations Quiz Stats

Quiz Updated Nov 1, 2015

Challenge
Share
Tweet
Embed
Score 0/36 Timer 04:00
0 Plays Today
Hint 4-Letter Word % Correct
What wolves do at the moonHOWL
97.9%
●Passage between rooms●●HALL●
97.8%
Spherical sporting goodBALL
97.7%
Coca-____COLA
96.4%
Soup receptacleBOWL
96.2%
Brought into existenceBORN
95%
Uninteresting personBORE
94.9%
Exaggerated story or tall ___TALE
94.3%
Prolonged unconsciousnessCOMA
93.7%
●The price of something●●COST●
93.3%
Fine-tooth ____COMB
92.9%
Young male horseCOLT
92.6%
●Lara Croft might raid it●●TOMB●
92.3%
Place to sitSEAT
92.2%
Clothing company L. L. ___BEAN
92%
Capital of SwitzerlandBERN
91.6%
To put on clothesWEAR
91.5%
Light in colorPALE
91%
Hint 4-Letter Word % Correct
Cotton seed capsuleBOLL
90.9%
A culture's traditional storiesLORE
90.5%
●Portion of the whole●●PART●
89.9%
●Parks and Rec actor Rob●●LOWE●
89.7%
●Transition a child to solid food●●WEAN●
89.5%
To burn or charSEAR
89.3%
NHL Red Wings' star GordieHOWE
89.1%
Writing implementsPENS
88.6%
Not feralTAME
88.1%
Letters or mail, in UK EnglishPOST
88.1%
●Earl Greys and oolongs, e.g.●●TEAS●
87.8%
Give these veggies a chance?PEAS
87%
A large printed bookTOME
86.8%
Annoying person or thingPEST
86.2%
To trim or cut awayPARE
86.2%
Material found in bogsPEAT
85.8%
With 'up', confined or repressedPENT
80.8%
Lively and in good healthPERT
80.2%

Today's Daily Dose

Quick Pick
Overwatch Maps

On This Day
May 26th II

You're not logged in!

Compare scores with friends on all Sporcle quizzes.
Join for Free
OR
Log In

You Might Also Like...

Show Comments

Extras

Top Quizzes Today


Score Distribution

Your Account Isn't Verified!

In order to create a playlist on Sporcle, you need to verify the email address you used during registration. Go to your Sporcle Settings to finish the process.

Report this User

Report this user for behavior that violates our Community Guidelines.

Details: